Druhé jaro obchodních domů.

Transformácia ekonomiky v bývalej ČSFR a jej vplyv na zmeny vo význame pražských obchodných domov. Stav týchto obchodných domov do konca r. 1989 a dôsledky privatizačných opatrení v ďalších rokoch. Malý záujem zahraničných spoločností o kúpu alebo kapitálovú účasť na týchto obchodných domoch. Terajš...

Celý popis

Uložené v:
Podrobná bibliografia
Hlavný autor: Simonian, Aram
Médium: Kapitola
Jazyk:Czech
Predmet:
Tagy: Pridať tag
Žiadne tagy, Buďte prvý, kto otaguje tento záznam!

MARC

LEADER 00000naa a2200000 4500
001 r012628
005 20220826094636.3
041 0 |a cze 
044 |a CZ 
245 1 0 |a Druhé jaro obchodních domů.  |c A. Simonian 
520 |a Transformácia ekonomiky v bývalej ČSFR a jej vplyv na zmeny vo význame pražských obchodných domov. Stav týchto obchodných domov do konca r. 1989 a dôsledky privatizačných opatrení v ďalších rokoch. Malý záujem zahraničných spoločností o kúpu alebo kapitálovú účasť na týchto obchodných domoch. Terajšia situácia v štyroch pražských obchodných domoch: Bíla labuť, Kotva, Máj, Družba-Krone. 
610 2 0 |a domy obchodné 
610 2 0 |a Praha 
610 2 0 |a privatizácia 
610 2 0 |a ČSFR 
610 2 0 |a Čechy 
100 1 |a Simonian, Aram